| 000 | 00580nam a22001817a 4500 | ||
|---|---|---|---|
| 003 | OSt | ||
| 005 | 20210501120645.0 | ||
| 008 | 210216s1987 ||||| |||| 00| 0 eng d | ||
| 040 |
_aeng _beng _cDLC |
||
| 041 | _aeng | ||
| 080 |
_a61 (09) _bE-51 |
||
| 245 |
_aEmory School of Medicine _b: Alumni Directory 1987 _c/ by: Bernard C. Harris Publishing Company, Inc |
||
| 260 |
_aNew York _bBernard C. Harris Publishing Company, Inc _c1987 |
||
| 300 |
_a210 p. _bill. |
||
| 650 | 0 |
_9335 _aHistory of Medicine |
|
| 653 | _aმედიცინის ისტორია | ||
| 942 |
_2udc _cBK |
||
| 999 |
_c1417 _d1417 |
||